| 000 | 00000nam 2200000zi 4500 |
| 001 | 9.952059 |
| 003 | CaOODSP |
| 005 | 20250818160758 |
| 006 | m o d f |
| 007 | cr cn||||||||| |
| 008 | 250606t20252025quc ob f000 0 eng d |
| 020 | |a9780660777344 |
| 040 | |aCaOODSP|beng|erda|cCaOODSP |
| 043 | |an-cn--- |
| 086 | 1 |aEn14-568/2025E-PDF |
| 245 | 00|aPlan of priorities under the Canadian Environmental Protection Act, 1999 (CEPA) - 2025. |
| 264 | 1|aGatineau, Quebec : |bEnvironment and Climate Change Canada, |c2025. |
| 264 | 4|c©2025 |
| 300 | |a1 online resource (13 pages) |
| 336 | |atext|btxt|2rdacontent |
| 337 | |acomputer|bc|2rdamedia |
| 338 | |aonline resource|bcr|2rdacarrier |
| 500 | |aCover title. |
| 500 | |aIssued also in French under title: Plan des priorités en vertu de la Loi canadienne sur la protection de l'environnement (1999) (LCPE) - 2025. |
| 500 | |aThe publication file in PDF format has been replaced on 18 August 2025 as requested by Environment and Climate Change Canada. |
| 504 | |aIncludes bibliographical references. |
| 520 | |a"The Plan builds on Canada’s strong foundation for chemicals management under its Chemicals Management Plan (CMP). As Canada works to complete the remaining activities under the current phase of the CMP ending in March 2026, this Plan offers an open and transparent means of communicating the Government of Canada’s intentions with respect to planned activities for addressing substances in Canada over the next several years. The Plan outlines the substances prioritized for assessment and other activities to assess, control or manage the risks to the environment or human health as well as activities that promote the development and incorporation of alternative methods and strategies to replace, reduce or refine vertebrate animal testing"--Introduction, page 1. |
| 610 | 10|aCanada. |tCanadian Environmental Protection Act, 1999. |
| 610 | 10|aCanada. |bEnvironment and Climate Change Canada|xPlanning. |
| 650 | 0|aEnvironmental health|xGovernment policy|zCanada. |
| 650 | 0|aEnvironmental justice|xGovernment policy|zCanada. |
| 710 | 1 |aCanada. |bEnvironment and Climate Change Canada, |eissuing body. |
| 775 | 08|tPlan des priorités en vertu de la Loi canadienne sur la protection de l'environnement (1999) (LCPE) - 2025.|w(CaOODSP)9.952060 |
| 856 | 40|qPDF|s340 KB|uhttps://publications.gc.ca/collections/collection_2025/eccc/En14-568-2025-eng.pdf |
| 986 | |aEC25052 |